000 00292nam a22001337a 4500
008 170622b xxu||||| |||| 00| 0 eng d
020 _a0669076791
041 _aeng
080 _23RD
_a328
100 _a21
101 _aSHP
245 _aAMERICAN GOVERNMENT
_cWILSON,J,Q
942 _2udc
_cBK
999 _c18688
_d18688